Detalles MARC
| 000 -CABECERA |
| campo de control de longitud fija |
00786nam a2200217 a 4500 |
| 001 - NÚMERO DE CONTROL |
| campo de control |
000025639 |
| 003 - IDENTIFICADOR DEL NÚMERO DE CONTROL |
| campo de control |
DO-SdBNP |
| 005 - FECHA Y HORA DE LA ÚLTIMA TRANSACCIÓN |
| campo de control |
20250421100338.0 |
| 008 - DATOS DE LONGITUD FIJA--INFORMACIÓN GENERAL |
| campo de control de longitud fija |
110216s2001 ve a r 000 | spa d |
| 020 ## - NÚMERO INTERNACIONAL ESTÁNDAR DEL LIBRO |
| Número Internacional Estándar del Libro |
9803171763 |
| 040 ## - FUENTE DE LA CATALOGACIÓN |
| Centro catalogador/agencia de origen |
DO-SdBNP |
| Lengua de catalogación |
spa |
| Centro/agencia transcriptor |
BNPHU |
| 082 #4 - NÚMERO DE LA CLASIFICACIÓN DECIMAL DEWEY |
| Número de clasificación |
xxx |
| Número de documento/Ítem |
N964r |
| 245 10 - MENCIÓN DE TÍTULO |
| Título |
Nueva ruralidad y política agraria : |
| Resto del título |
una alternativa neoinstitucional para Centroamérica / |
| Mención de responsabilidad, etc. |
edición Harry Clemens, Raúl Rubén. |
| 260 ## - PUBLICACIÓN, DISTRIBUCIÓN, ETC. |
| Lugar de publicación, distribución, etc. |
Caracas : |
| Nombre del editor, distribuidor, etc. |
Centro de Estudios para el Desarrollo Rural : |
| -- |
Editorial Nueva Sociedad ; |
| Lugar de publicación, distribución, etc. |
Amsterdam : Universidad Libre de : |
| Nombre del editor, distribuidor, etc. |
Amsterdam, |
| Fecha de publicación, distribución, etc. |
2001. |
| 300 ## - DESCRIPCIÓN FÍSICA |
| Extensión |
260 p. : |
| Otras características físicas |
il. ; |
| Dimensiones |
23 cm. |
| 490 1# - MENCIÓN DE SERIE |
| Mención de serie |
Ariel |
| Designación de volumen o secuencia |
98 |
| 700 1# - PUNTO DE ACCESO ADICIONAL--NOMBRE DE PERSONA |
| Nombre de persona |
Clemens, Harry, |
| Término indicativo de función/relación |
ed. |
| 9 (RLIN) |
52360 |
| 700 1# - PUNTO DE ACCESO ADICIONAL--NOMBRE DE PERSONA |
| Nombre de persona |
Rubén, Raúl , |
| 9 (RLIN) |
52361 |
| 830 #0 - PUNTO DE ACCESO ADICIONAL DE SERIE-TÍTULO UNIFORME |
| Título uniforme |
Ariel , |
| Designación de volumen o secuencia |
98 |
| 9 (RLIN) |
33302 |
| 942 ## - ELEMENTOS DE PUNTO DE ACCESO ADICIONAL (KOHA) |
| Fuente del sistema de clasificación o colocación |
Dewey Decimal Classification |
| Tipo de ítem Koha |
Libro |